| 000 | 00881nam a22002897a 4500 | ||
|---|---|---|---|
| 003 | CHAP | ||
| 005 | 20220329140550.0 | ||
| 008 | 971013s1938 r 00010 d | ||
| 010 | _a54031 | ||
| 011 | _a55003 | ||
| 035 | _a59155 | ||
| 040 | _cCHAP | ||
| 090 | _aFolleto 1171 | ||
| 100 | 0 | 0 |
_aPoulson, E. N. _991151 |
| 245 | _aSoil survey of the upper Gila Valley area, Arizona | ||
| 260 |
_a(Washington) : _bBureau of Chemistry and Soils, _c1938 |
||
| 300 |
_a41 p. _b: ilus. ; mapa |
||
| 590 |
_aBATCH-UPD _b10 _c20130110 _lUCH01 _h0539 |
||
| 590 |
_aBATCH-UPD _b10 _c20130110 _lUCH01 _h2314 |
||
| 590 |
_aCONVERSION _b10 _c20130109 _lUCH01 _h1329 |
||
| 650 | 1 | 4 |
_aSuelos _xArizona. _9110209 |
| 700 | 0 |
_aYoungs, F. O. _9123248 |
|
| 710 | 0 |
_aE.U.A. Department of Agriculture. _934876 |
|
| 901 | _aBK | ||
| 942 | _cFOLL | ||
| 949 |
_aFolleto 1171 _bBC _cFOLL _d-128012 _eTS1 _i59155 _si |
||
| 999 |
_c54031 _d54031 |
||